01476cam a2200337 a 4500001001000000003000900010005001700019008004100036020001500077040002500092049000900117082002300126245013200149260009200281300002800373490002000401500015500421504004100576504002100617650004300638651004900681651005000730700005200780700004600832710004000878830002800918910003400946942001400980952012700994999001701121000014031DO-SdBNP20250915102303.0030723s2002 mx a b 101 0 spa  a9706790896 aDO-SdBNPbspacBNPHU aBNGR a325.2720973bM636i00aMigración internacional e identidades cambiantes /ceditores María Eugenia Anguiano Téllez, Miguel J. Hernández Madrid. aZamora, (México) :bEl Colegio de Michoacán ;bColegio de la Frontera Norte,c2002. a295 p. :bil. ;c23 cm.1 aInvestigaciones aDocumentos de un coloquio celebrado en mayo 11-12, 2000 y patrocinado en parte por el Colegio de la Frontera Norte, Tijuana, Baja California, México aIncluye referencias bibliográficas aIncluye índice 4aMexicanos en los Estados Unidos931768 4aMéxicoxEmigración e inmigración93350 4aEstados UnidosxPoblación extranjera9317691 aAnguiano Téllez, María Eugenia.eed.9317701 aHernández Madrid, Miguel J.eed.9317712 aColegio de la Frontera Norte931772 0aInvestigaciones.919157 aCatalogación por copia / LC 2ddccLBS1 001052708MOaGRbGRcCTd2009-12-02iLF1l0o325.2720973 M636ip14031-10r2020-06-25w2020-06-25y2ZPréstamo interno c13634d13634